| 000 | 00950nam a2200181 i 4500 | ||
|---|---|---|---|
| 001 | 46202 | ||
| 003 | ES-MaACL | ||
| 005 | 20230906161337.0 | ||
| 007 | t| | ||
| 008 | 030328s1954 mx ||||1| spa d | ||
| 111 | 2 |
_aConferencia Interamericana de Seguridad Social ( _d1954. _cMéxico) _9201 |
|
| 245 | 1 | 0 | _aConferencia Interamericana de Seguridad Social. |
| 260 |
_aMéxico : _b[s.n., _c1954] ( _fGráfs. Horizonte) |
||
| 300 |
_a3 v. ; _c23 cm. |
||
| 505 | 8 | _aContiene: Cuaderno 10. Recomendaciones internacionales sobre seguridad social - Cuaderno 12. Sistemas de control de inscripción, cobros, registro de cotizaciones y vigencia de derechos. Sistema del seguro social mexicano - Cuaderno 13. Resoluciones sobre seguridad social aprobadas por las conferencias regionales de los estados de América, miembros de la Organización Internacional del Trabajo | |
| 650 | 4 |
_aSeguridad social- _zAmérica Latina. _9170935 |
|
| 852 |
_aES-MaACL _jE-3456-58 |
||
| 999 |
_c46202 _d46202 |
||